Ecrits et mémoires mathématiques d'Evariste Galois
Guardat en:
| Autor principal: | |
|---|---|
| Format: | Llibre |
| Idioma: | francès |
| Publicat: |
París
Gauthier-Villars
1962
|
| Matèries: | |
| Etiquetes: |
Afegir etiqueta
Sense etiquetes, Sigues el primer a etiquetar aquest registre!
|
MARC
| LEADER | 00000nam a2200000 a 4500 | ||
|---|---|---|---|
| 001 | UCP3389 | ||
| 003 | CL-VaPUC | ||
| 008 | 990618e19620000FR |||||||||||||||||fre|d | ||
| 082 | 0 | 4 | |a 512.3 |b GAL |2 21 |
| 100 | |a Galois, Évariste |e author |9 430618 | ||
| 245 | 1 | 0 | |a Ecrits et mémoires mathématiques d'Evariste Galois |
| 300 | |a 541 p | ||
| 942 | |c BK | ||
| 945 | |d 19990618 00:00:00 |a crobeson | ||
| 260 | |a París |b Gauthier-Villars |c 1962 | ||
| 650 | 0 | |a Teoría de Galois |9 271494 | |
| 650 | 7 | |a MEMORIAS |2 CL-VaPUC |9 269159 | |
| 583 | |a last modification |c 19990618 00:00:00 |k Rodrigo Vera | ||
| 999 | |c 281716 |d 281714 | ||